000 01101njm a22002657a 4500
005 20100830143451.0
007 sd ammalaaahaa
008 100830t xxu||||| |||| 00| 0 d
028 _aGE. 2725
_bColumbia
028 _aCEI. 23098
_bColumbia
028 _aCEI. 23097
_bColumbia
035 _aGR-66
040 _aSED/VEN
100 _917458
_aHemanta Kumar
245 _aMsti he chaie basant pawan par part 1 /
_cby Hemanta Kumar
_h[Sound recording] :
246 _aमस्ती है छायी बसंत पवन पर (हेमंत कुमार)
260 _aDum Dum, India
_bColumbia Gramophone Co.
300 _a1 Sound disc [Gramophone Record] :
_banlog, 33 1/3 rpm
_c10 in (LP)
_fGramophone Records
500 _aBrief record
505 _aMadhuwan me na Shyam bulao (मधुवन में ना श्याम बुलाओ) भाग 2
650 _aClasical music
_91186
_zIndia
_xExepects
700 _917459
942 _2ddc
_cGR
999 _c43142
_d43142